| 000 | 00460nam a2200169Ia 4500 | ||
|---|---|---|---|
| 008 | 230718s9999 xx 000 0 und d | ||
| 020 | _a9780141036243 | ||
| 041 | _aeng | ||
| 082 |
_a302 _bGLA |
||
| 100 |
_aGladwell M. _9118163 |
||
| 245 |
_aOutliers: _bThe Story Of Success |
||
| 260 |
_c2008 _bAllen Lane (Penguin ) |
||
| 300 | _a309 | ||
| 365 |
_cRs. _b399.00 |
||
| 700 |
_aGladwell M. _9118163 |
||
| 906 |
_dO:0095022-Jul-2010B:464613-Jul-2010 _cIT _b638.4 |
||
| 999 |
_c325372 _d325372 |
||